000 00608nam a2200169 i 4500
001 60305
003 ES-MaACL
005 20230906164215.0
007 t|
008 031104s1944 ag ||||1| spa d
100 1 _aEspejo Solá, Jaime.
_947802
245 1 0 _aEstudio de las modificaciones del metabolismo general y de la secreción de los lípidos, causadas por dietas normal y carente de lípidos /
_cJaime Espejo Solá.
260 _aBuenos Aires :
_bEl Ateneo,
_c1944 (
_fBartolomé U. Chiesino)
300 _a85 p. ;
_c24 cm.
500 _aTesis de profesorado.
852 _aES-MaACL
_j1580-F-5
_bR.22111
999 _c60305
_d60305